Score 0/10 Timer 01:00
0 Plays Today
% Correct
Nineteen Eighty-Four
89.4%
Nicholas Nickleby
83.9%
Northanger Abbey
82.4%
No Country for Old Men
63.1%
Night
53.9%
Native Son
50.5%
Naked Lunch
49.8%
Notes from Underground
49%
Neuromancer
45%
No Exit
44.6%

Today's Daily Dose

Remove Ads.
Support Sporcle.
Get the best of Sporcle when you Go Orange. This ad-free experience offers more features, more stats, and more fun while also helping to support Sporcle. Thank you for becoming a member.

You're not logged in!

Compare scores with friends on all Sporcle quizzes.
OR
Log In

Show Comments

Extras

Top Quizzes Today


Score Distribution

Your Account Isn't Verified!

In order to create a playlist on Sporcle, you need to verify the email address you used during registration. Go to your Sporcle Settings to finish the process.

Report this User

Report this user for behavior that violates our Community Guidelines.

Details: